LEADER 01974nam a2200265 i 4500 001 000000201656 003 CaOOAMICUS 005 20251007092903.0 008 110503s1770 it u000 u lat u 013 $a180360 026 $apen- nco- ;&ac &m&m (3) 1770 (Q) 040 $aSeMil$bita 100 1 $aLuserna Rorendo di Rorà, Francesco,$c.$0(OLS)http://semarc/name/11010 245 10$aFranciscus Lucerna-Rorengus de Rorà divina miseratione, et Apostolicae Sedis gratia archiepiscopus taurinensis venerabilibus in Christo fratribus, dignitatibus, canonicis, capitulis, & clero urbis metropolitanae, ac dioecesis taurinensis. 260 $a(Augustae Taurinorum :$bExcudebat Jacobus Joseph Avondus typographus archiepiscopalis),$c1770. 300 $a19 p. ;$c4°. 500 $aData del documento: 29 novembre 1770. - Stemma dell'arcivescovo sul r. della prima c. - Il v. dell'ultima c. è bianco. - Iniz. ornate. - Incipit del documento: Meditatio praesentis vitae nostrae in laude Dei esse debet, .... - Circa il ministero sacerdotale. 500 $aTit. dell'intitolazione 700 1 $aAvondo, Giacomo Giuseppe,$c.$0(OLS)http://semarc/name/5409 773 0 $aLuserna Rorendo di Rorà, Francesco $tLettere pastorali latine, e italiane di Monsignore di Rorà arcivescovo di Torino dall'anno 1768 sino all'anno 1774.$d[S.l. : s.n.] $w()24864 850 $aSeMil 852 $aSeMil$W1$xVenegono$y1$m5B II 14/16 FA$j152182$B152182$CSeMilBibl$Z2$F163339 $8I 996 $6245$aFranciscus Lucerna-Rorengus de Rorà divina miseratione, et Apostolicae Sedis gratia archiepiscopus taurinensis venerabilibus in Christo fratribus, dignitatibus, canonicis, capitulis, & clero urbis metropolitanae, ac dioecesis taurinensis$9(OLS)http://semarc/title/279392 996 $6260$a(Augustae Taurinorum :$bExcudebat Jacobus Joseph Avondus typographus archiepiscopalis)$9(OLS)http://semarc/publisher/51640 LEADER 01201nam a2200205 i 4500 001 000000205055 003 CaOOAMICUS 005 20160909000000.0 008 160909s1862 it u000 u ita u 013 $a183788 040 $aSeMil$bita 245 10$aCompendio disposto in ordine alfabetico della legge 9 febbrajo 1850 e di tutte le posteriori disposizioni di massima, nonche delle principali e più importanti decisioni .. dall'attivazione della legge a tutto l'anno 1861 .. /$ccompilazione del dr. Luigi Soardi. 260 $aVenezia :$bTipografia del commercio,$c1862. 300 $a284 p. ;$c24 cm. 700 1 $aSoardi, Luigi.$0(OLS)http://semarc/name/73831 710 1 $aAustria$c.$0(OLS)http://semarc/name/2835 850 $aSeMil 852 $aSeMil$W1$xVenegono$y1$m3L IV 66 FA$j155549$B155549$CSeMilBibl$Z2$F213526 $8I 996 $6245$aCompendio disposto in ordine alfabetico della legge 9 febbrajo 1850 e di tutte le posteriori disposizioni di massima, nonche delle principali e più importanti decisioni .. dall'attivazione della legge a tutto l'anno 1861 ..$9(OLS)http://semarc/title/296881 996 $6260$aVenezia :$bTipografia del commercio$9(OLS)http://semarc/publisher/51987